000 00592nam a2200205Ia 4500
005 20250326140515.0
008 250326s9999 xx 000 0 und d
020 _a0-07-055615-6
037 _aTextbook
040 _aFMSL
_beng
_cFMSL
041 _aeng
_2eng
084 _aX:89A M5
_qFMSL
100 _aSchroeder Rogers G
_9742489
245 0 _aOperations Management: Decision making in the operation functions
_cSchroeder Rogers G
250 _a2nd
260 _aUSA
_bUSA, McGraw Hill
_c1985
300 _axiii,770
942 _cTB
_hX:89A M5
999 _c1286108
_d1286108